000
00294nam a2200133Ia 4500
999
_c
6571
_d
6571
003
OSt
008
191201s2008 xx 000 0 und d
100
_a
ROBBINS,Stephen P
245
0
_a
Organizational theory
260
_a
N. delhi
_b
PHI
_c
2008
300
_a
552
650
_a
BBA
942
_2
ddc
_c
BK